Générique Sam le pompier - Paroles - Statistiques

Statistiques générales
  • Ce quiz a été pris 453 fois
  • Le résultat moyen est 9 sur 10
Statistiques - réponses
Paroles % Correct
A chaque signal d'{alarme}
100%
Sam garde toujours son {calme}
98%
Sam sera là pour te {sauver}
96%
C'est le pompier {Sam}
92%
Le pompier {Sam}
92%
Crie très fort au moindre {danger}
86%
Sam, c'est notre {héros} à nous
80%
Sans hésitation, sans {peur}
80%
Il fait notre {bonheur}
75%
Toujours prêt à {aider}
70%
Aucun quiz correspondant
Distribution des résultats
% des personnes avec chaque résultat
Percentile par nombre de réponses
Votre historique - résultats
Vous n’avez pas pris ce quiz